BFB Contestants Quiz - Statistics

General Stats
  • This quiz has been taken 2,358 times
  • The average score is 54 of 64
Answer Stats
Team Name Contestant % Correct
DEATH PACT Ben AKA PEN
97%
iance Pencil
94%
iance Flower
93%
iance Match
93%
BEEP Leafy
92%
iance Bubble
91%
iance Snowball
91%
iance Fanny
90%
iance Ruby
90%
The Losers Firey
89%
Bleh Ice Cube
89%
A Better Name Than That Golf Ball
88%
The Losers Loser
88%
BEEP Roboty
88%
DEATH PACT Black Hole
86%
Bleh Book
86%
BEEP David
86%
iance Lightning
86%
A Better Name Than That Tennis Ball
86%
BEEP Balloony
85%
The Losers Pin
85%
BEEP Rocky
85%
Team Ice Cube Spongy
85%
BEEP Woody
85%
A Better Name Than That Blocky
84%
Team Ice Cube Bracelety
84%
BEEP Cloudy
84%
Bleh Dora
84%
Free Food Fries
84%
DEATH PACT Liy
84%
DEATH PACT Tree
84%
Team Ice Cube Barf Bag
83%
The Losers Coiny
83%
Team Ice Cube Donut
83%
Free Food Eraser
83%
Team Ice Cube Gelatin
83%
Bleh Lollipop
83%
BEEP Nickel
83%
Bleh Taco
83%
A Better Name Than That 8 Ball
82%
A Better Name Than That Basketball
81%
DEATH PACT Bottle
81%
Free Food Foldy
81%
DEATH PACT Pie
81%
Bleh Teardrop
81%
Free Food Yellow Face
81%
The Losers Cake
80%
Team Ice Cube Firey Jr.
80%
The Losers Needle
80%
Free Food Puffball
80%
DEATH PACT Remote
80%
A Better Name Than That Robot Flower
80%
Free Food Stapy
80%
A Better Name Than That TV
80%
The Losers Clock
79%
The Losers Eggy
79%
Bleh Saw
79%
Team Ice Cube Bomby
78%
Bleh Gaty
78%
Team Ice Cube Naily
78%
DEATH PACT Pillow
78%
Free Food Bell
77%
A Better Name Than That Grassy
77%
Free Food Marker
77%
No matching quizzes found
Score Distribution
Percent of People with Each Score
Percentile by Number Answered
Your Score History
You have not taken this quiz